Statutory nuisance : a guide for professionals. (Record no. 100842)

MARC details
000 -LEADER
fixed length control field 00792cam a2200229 4500
008 - FIXED-LENGTH DATA ELEMENTS--GENERAL INFORMATION
fixed length control field 000000n2000 000 0 eng u
020 ## - INTERNATIONAL STANDARD BOOK NUMBER
International Standard Book Number 1871241960
035 ## - SYSTEM CONTROL NUMBER
System control number (Sirsi) u108690
050 ## - LIBRARY OF CONGRESS CALL NUMBER
Classification number 346.4103
100 ## - MAIN ENTRY--PERSONAL NAME
Personal name Butterfield, Roger
245 ## - TITLE STATEMENT
Title Statutory nuisance : a guide for professionals.
260 ## - PUBLICATION, DISTRIBUTION, ETC.
Place of publication, distribution, etc. Sudbury, suffolk
Name of publisher, distributor, etc. Monitor Press
Date of publication, distribution, etc. 2000
300 ## - PHYSICAL DESCRIPTION
Extent xiv,180p. ; 22cm.
350 ## - PRICE (NR) (BK AM CF MU VM SE) [OBSOLETE]
Price 45.00
520 ## - SUMMARY, ETC.
Summary, etc. Practical advice and guidance, including regulations and case law, concerning statutory nuisances which are defined as prejudicial to health or a nuisance. Appendicies include examples of abatement notices
650 ## - SUBJECT ADDED ENTRY--TOPICAL TERM
Topical term or geographic name entry element ABATEMENT NOTICE
650 ## - SUBJECT ADDED ENTRY--TOPICAL TERM
Topical term or geographic name entry element NOISE
650 ## - SUBJECT ADDED ENTRY--TOPICAL TERM
Topical term or geographic name entry element ENVIRONMENTAL HEALTH
690 ## - LOCAL SUBJECT ADDED ENTRY--TOPICAL TERM (OCLC, RLIN)
Topical term or geographic name as entry element LAW-UK
700 ## - ADDED ENTRY--PERSONAL NAME
Personal name Holroyd, Jessica
942 ## - ADDED ENTRY ELEMENTS (KOHA)
Suppress in OPAC 0
Holdings
Withdrawn status Lost status Source of classification or shelving scheme Damaged status Not for loan Home library Current library Shelving location Date acquired Cost, normal purchase price Total Checkouts Full call number Barcode Date last seen Date last checked out Copy number Cost, replacement price Price effective from Koha item type
    Dewey Decimal Classification     London London Books 03/11/2000 38.25 13 346.4103 BUT 30062482 06/08/2019 12/06/2009 1 38.25 06/08/2019 Book